Historiaa kirjaimittain - G - Statistics

Yleistilastot
  • Tätä visaa on pelattu 1 349 kertaa
  • Keskiarvotulos 12 / 22
Vastaustilastot
Vihje Vastaus % Oikein
Ranskalainen mestauslaite Giljotiini
88%
Intian valtion "kansakunnan isäksi" kutsuttu henkilö Mohandas Gandhi
88%
Neuvostoliiton viimeinen johtaja Mihail Gorbatšov
77%
Kaukoputkea merkittävästi kehittänyt italialainen tähtitieteilijä Galileo Galilei
76%
Natsi-Saksan salainen poliisi Gestapo
74%
Ensimmäinen ihminen avaruudessa Juri Gagarin
74%
Pariisin Notre-Damen katedraalin edustama arkkitehtuurityyli {Goottilainen} arkkitehtuuri
71%
Darwin tutki tunnettusti peippoja tässä saaristossa {Galápagos}saaret
65%
Rooman valtakunnan aikainen nimi nykyisen Ranskan alueille Gallia
64%
Argentiinalainen marxisti, jonka baskerissa oli tähti Che Guevara
62%
Vuonna 1582 käyttöön otettu paavin mukaan nimetty kalenteri {Gregoriaaninen} kalenteri
62%
Nimitys Neuvostoliiton vankileireille Gulag
61%
Julius Caesarin ensimmäinen nimi Gaius
55%
Kuuban vuonna 1903 Yhdysvalloille vuokraama alue {Guantanamo} Bay
54%
Vuoden 1949 sopimukset sotiin liittyvistä säännöistä {Geneven} sopimukset
51%
Natsi-Saksan propagandaministeri Joseph Goebbels
43%
Häntä pidetään kirjapainotaidon keksijänä Johannes Gutenberg
42%
Kristoffer Kolumbus syntyi tässä kaupungissa Genova
37%
Yhdysvaltain sisällissodan käännekohtana pidetty taistelu {Gettysburgin} taistelu
30%
Samannimisestä Mesopotamian sumerilaisesta kuninkaasta kertova maailman vanhin eepos Gilgameš
22%
Ympärysvallat kärsivät suuret tappiot tässä taistelussa, joka käytiin samannimisen Turkille kuuluvan niemimaan alueella {Gallipolin} taistelu
21%
Ghibelliinien vastustajat Guelfit
5%
Ehtoja vastaavia visoja ei löytynyt
Tulosjakauma
Jokaisen tuloksen saaneiden osuus
Persentiili vastausten määrän mukaan
Tuloshistoriasi
Et ole pelannut tätä visaa